Maat kahden rajan päässä Venäjästä - Statistics

Yleistilastot
  • Tätä visaa on pelattu 475 kertaa
  • Keskiarvotulos 18 / 23
Vastaustilastot
Venäjän naapuri tämän maan kautta Valtio % Oikein
Suomi, Norja Ruotsi
94%
Puola Saksa
91%
Kiina Intia
89%
Ukraina Romania
89%
Pohjois-Korea Etelä-Korea
86%
Georgia Turkki
86%
Puola, Ukraina Slovakia
84%
Ukraina Unkari
84%
Azerbaidžan Iran
81%
Kiina Nepal
80%
Puola Tšekki
80%
Kiina Vietnam
80%
Kiina Afganistan
78%
Ukraina Moldova
78%
Kiina Pakistan
77%
Azerbaidžan, Georgia Armenia
75%
Kiina Laos
75%
Kazakstan Turkmenistan
73%
Kazakstan Uzbekistan
73%
Kiina Myanmar
71%
Kazakstan, Kiina Kirgisia
70%
Kiina Bhutan
69%
Kiina Tadžikistan
65%
Ehtoja vastaavia visoja ei löytynyt
Tulosjakauma
Jokaisen tuloksen saaneiden osuus
Persentiili vastausten määrän mukaan
Tuloshistoriasi
Et ole pelannut tätä visaa